| 000 | 00463cam a2200145 4500500 | ||
|---|---|---|---|
| 005 | 20260322001403.0 | ||
| 041 | _afre | ||
| 042 | _adc | ||
| 100 | 1 | 0 |
_aPrévost, Anne-Vanessa _eauthor |
| 245 | 0 | 0 | _aMontaigne, l’esprit frondeur |
| 260 | _c2007. | ||
| 500 | _a5 | ||
| 786 | 0 | _nPhilosophie magazine | 9 | 5 | 2007-05-01 | p. 22-23 | 1951-1787 | |
| 856 | 4 | 1 | _uhttps://shs.cairn.info/magazine-philosophie-magazine-2007-5-page-22?lang=fr&redirect-ssocas=7080 |
| 999 |
_c1714339 _d1714339 |
||